000 00917cab a2200253 4500
001 WB2847-10
008 090401t1992 xxu||||| |||| 00| 0 eng d
035 _a(Sirsi) u72805
041 _aeng
245 _aTrafalgar House future
260 _c1992
350 _a0
490 _aTimes
_v2 December 1992, 1
490 _aGuardian
_v2 December 1992, 13
490 _aIndependent
_v2 December 1992, 22(3)
520 _aTrafalgar House have announced major losses resulting from a revaluation of its assets, some of which are to be sold, and are paying the former chairman and chief executive £1.9m for an early termination of their contracts.
650 _aACCOUNTING STANDARD FRS3
650 _aMANAGEMENT-BUSINESS MANAGEMENT-FINANCIAL MANAGEMENT-ACCOUNTING
650 _aPROPERTY COMPANIES
650 _aTRAFALGAR HOUSE
690 _aPROPERTY-COMMERCIAL PROPERTY
942 _n0
948 _c04/03/1997
999 _c46013
_d46013